Κατάλογος Βιβλιοθηκών Mediterranean College

A Handbook for Data Analysis in the Behavioral Sciences / Methodological Issues (Record no. 215)

MARC details
000 -LEADER
fixed length control field 01174cam a22002054a 4500
005 - ΗΜΕΡΟΜΗΝΙΑ ΚΑΙ ΩΡΑ ΤΕΛΕΥΤΑΙΑΣ ΕΝΗΜΕΡΩΣΗΣ
Πεδίο ελέγχου 20250605163928.0
008 - FIXED-LENGTH DATA ELEMENTS--GENERAL INFORMATION
Πεδίο ελέγχου σταθερού μήκους 250528s ||||||||||||||||||||||||d
035 ## - SYSTEM CONTROL NUMBER
System control number 14591
020 ## - ISBN
ISBN 805810374
040 ## - ΠΗΓΗ ΚΑΤΑΛΟΓΟΓΡΑΦΗΣΗΣ
Φορέας πρωτότυπης καταλογογράφησης MC Athens Campus Library
Γλώσσα καταλογογράφησης Ελληνικά, Μοντέρνα (1453-)
Modifying agency MC Athens Campus Library
Κανόνες περιγραφικής καταλογογράφησης AACR2
245 1# - ΤΙΤΛΟΣ ΚΑΙ ΔΗΛΩΣΗ ΥΠΕΥΘΥΝΟΤΗΤΑΣ
Τίτλος A Handbook for Data Analysis in the Behavioral Sciences / Methodological Issues
260 ## - PUBLICATION, DISTRIBUTION, ETC.
Name of publisher, distributor, etc. Lawrence Erlbaum Associates, Publishers,
Date of publication, distribution, etc. 1993
300 ## - PHYSICAL DESCRIPTION
Extent 580
520 ## - SUMMARY, ETC.
Summary, etc. Preface, Models and Measurement, Mathematical Models in Psychology, What Is and Isn't Measurement, Multidimensional Scaling, Methological Issues, Rational Appraisal of Psychology Research and the Good-Enough Principle, Between or Within-Subjects Design: A Methodological Dillema, Intuitive Statistics, Belief in the Law of Small Numbers, The Perception of Randomness, On Generating Random Sequences, Hypothesis Testing and Power and Effect Size, How Significant is ''Significance'', Effect Size, The Relative Power of Parametric and Nonparametric Statistical Methods, Cumulating Evidence, Author and Subject Index.
700 1# - ΠΡΟΣΘΕΤΗ ΑΝΑΓΡΑΦΗ--ΦΥΣΙΚΟ ΠΡΟΣΩΠΟ
Personal name Keren Gideon
9 (RLIN) 313
700 1# - ΠΡΟΣΘΕΤΗ ΑΝΑΓΡΑΦΗ--ΦΥΣΙΚΟ ΠΡΟΣΩΠΟ
Personal name Lewis Charles
9 (RLIN) 314
942 ## - ADDED ENTRY ELEMENTS (KOHA)
Koha item type Books
Holdings
Τύπος τεκμηρίου Βιβλιοθήκη Τρέχουσα τοποθεσία Barcode Αριθμός εισαγωγής Ημερομηνία απόκτησης Ταξιθετικό σύμβολο Αριθμός αντιτύπου Κατάσταση απόσυρσης Κατάσταση χαμένου Κατάσταση κατεστραμμένου Μη δανεισμός Σύνολο δανεισμών Ημερομηνία τελευταίας εμφάνισης Η τιμή ισχύει από
Books MC Athens Campus Library MC Athens Campus Library 9780000002143 252 05/06/2025 150/.72 HAN 1           05/06/2025 05/06/2025

MC Athens Campus Library
Πατησίων 94 & Κοδριγκτώνος 13, 104 34
Πελλήνης 8 & Πατησίων 107, 112 51
Τ: +30 210 8899600

MC Thessaloniki Campus Library
Ίωνος Δραγούμη 21, 54625 | Ίωνος Δραγούμη 15, 54625
Τ: +30 2310 287779 – Τ: +30 2314 440300